000 01054nam a2200241 i 4500
001 99811
003 ES-MaACL
005 20250401133627.0
007 t|
008 050919s1952 sp ||||1| spa d
100 1 _aMartínez González, Miguel Angel.
_978137
245 1 0 _aToledo
_b: guía turística /
_cpor M. A. Martínez González y P. Puebla Gutiérrez.
260 _aToledo :
_bEdit. Católica Toledana,
_c1952.
300 _a140 p., 1 h. con 1 lám., 1 lám., 1 gráf. pleg. :
_bil. ;
_c24 cm.
510 _aCCPB,
_c001023652-X
651 4 _99443
_aToledo-
_vGuías turísticas
700 1 _aPuebla Gutiérrez, P.
_994125
852 _aES-MaACL
_jD-6392
_bR.32121
_bR.M.5987
_9103543
_cSVI
_fSello en tinta azul de la Biblioteca del Ateneo de Madrid
_gAnotación manuscrita en portada: "30"
_xEncuadernación holandesa en tela burdeos
942 _2udc
_cMONOGRAFIA
999 _c99811
_d99811